| 000 | 01418nam0a22002771 4500 | ||
|---|---|---|---|
| 001 | rc\2568380 | ||
| 005 | 20250623111425.0 | ||
| 035 | _a(NLR Aleph) 006733174 | ||
| 090 |
_a5565809 _c5565809 |
||
| 100 | _a20110914d1927 |||y0rusy50 ca | ||
| 101 | 0 | _arus | |
| 102 | _aRU | ||
| 105 | _ay z ||||| | ||
| 200 | 1 |
_aНовая волость, сельсовет и школа _e(Из работ I Опыт. станции по народному образованию при Наркомпросе) _eСборник статей под ред. И. М. Диомидова _fС предисл. С. Т. Шацкого |
|
| 210 |
_a[Москва] _cНовая Москва _d1927 [1926] _gтип. МОНО при 1-м Инст-те глухонемых |
||
| 215 |
_a96 с., из них 4 объявл. _d19х14 см. |
||
| 225 | 1 | _aБиблиотека Школьного Работника | |
| 300 | _aАвторы статей: Л. Скаткин, М. Скаткин, М. Семин, А. Меленчук | ||
| 300 | _aОбложка: Владимир Добровольский | ||
| 320 | _aБиблиография: "Литература" (на 2 страницах) | ||
| 702 | 1 |
_4570 _7ca _8rus _aШацкий _bС. Т. _f1878-1934 _gСтанислав Теофилович _9198213 _3RU\NLR\AUTH\770198264 |
|
| 801 | 0 |
_aRU _bNLR _gpsbo |
|
| 801 | 1 |
_aRU _bELAR _2rusmarc |
|
| 852 |
_aNLR _j25/453 |
||
| 942 | _cBOOK | ||
| 980 | _aNB | ||